Biotechnology & cleantech Canada : industry guide 2013.
| Format: | Book |
|---|---|
| Published: |
Victoria B.C:
Contact Canada,
2013.
|
| Subjects: |
| LEADER | 00447cam a2200133 7i4500 | ||
|---|---|---|---|
| 001 | 0000031835 | ||
| 005 | 20141016090000.0 | ||
| 020 | 0 | 0 | |a 9781897488492 |
| 090 | 0 | 0 | |a CAND 660.602519025 |b BIO |
| 245 | 0 | 0 | |a Biotechnology & cleantech Canada : |b industry guide 2013. |
| 260 | 0 | 0 | |a Victoria B.C: |b Contact Canada, |c 2013. |
| 300 | # | # | |a 208 p. |
| 650 | 0 | 0 | |a Biotechnology industries -- |x Directories -- |z Canada |
| 999 | |a B000034596 |b Book |c Countries |e Business Information Centre | ||


